China Ökonomische und soziale Geographie
Guardado en:
| Autor principal: | |
|---|---|
| Otros Autores: | , |
| Formato: | Libro |
| Lenguaje: | alemán |
| Publicado: |
Dresden
Herman Haack
1989
|
| Edición: | 1. Aufl. |
| Etiquetas: |
Sin Etiquetas, Sea el primero en etiquetar este registro!
|
MARC
| LEADER | 00000nam a2200000 4500 | ||
|---|---|---|---|
| 001 | c029401 | ||
| 005 | 20221206131334.9 | ||
| 041 | 0 | |a ger | |
| 044 | |a DE | ||
| 245 | 1 | 0 | |a China |b Ökonomische und soziale Geographie |c Horst Klausing, Andrzej Maryanski, Erich Schultze |
| 250 | |a 1. Aufl. | ||
| 264 | 1 | |a Dresden |b Herman Haack |c 1989 | |
| 300 | |a 341 s. | ||
| 100 | 1 | |a Klausing, Horst | |
| 700 | 1 | |a Maryanski, Andrzej | |
| 700 | 1 | |a Schultze, Erich | |